Welcome to the Holygrace Academy Library

Please use search bar below to get started

A DICTIONARY OF ENVIRONMENT (Record no. 1497)

MARC details
000 -LEADER
fixed length control field 00456nam a22001697a 4500
020 ## - INTERNATIONAL STANDARD BOOK NUMBER
ISBN 81-239-0348-0
082 ## - DEWEY DECIMAL CLASSIFICATION NUMBER
Classification number 030
Item number SHA/D
100 ## - MAIN ENTRY--AUTHOR NAME
Personal name SHARMA , J,L
100 ## - MAIN ENTRY--AUTHOR NAME
Personal name KADIAN, R.K
245 ## - TITLE STATEMENT
Title A DICTIONARY OF ENVIRONMENT
Remainder of title SOCIAL SCIENCE
246 ## - VARYING FORM OF TITLE
Title proper/short title A DICTIONARY OF ENVIRONMENT
Remainder of title SOCIAL SCIENCE
260 ## - PUBLICATION, DISTRIBUTION, ETC. (IMPRINT)
Place of publication DELHI
Name of publisher CBS PUBLISHERS & DISTRIBUTORS(P) LTD
Year of publication 1994
300 ## - PHYSICAL DESCRIPTION
Number of Pages 370
520 ## - SUMMARY, ETC.
Summary, etc SOCIAL SCIENCE
650 ## - SUBJECT ADDED ENTRY--TOPICAL TERM
Topical Term SOCIAL SCIENCE
942 ## - ADDED ENTRY ELEMENTS (KOHA)
Koha item type Books
Holdings
Withdrawn status Lost status Collection code Home library Current library Shelving location Date acquired Source of acquisition Cost, normal purchase price Full call number Accession Number Koha item type
    Reference Main Library Main Library SHELF-5 G REFERENCE SOCIAL SCIENCE 24/10/2006 Purchase 90.00 030 SHA/D 03388 Books